Italian masters of the sixteenth century / (Record no. 44767)
[ view plain ]
| 000 -LEADER | |
|---|---|
| fixed length control field | 00650nam a2200241 a 4500 |
| 001 - CONTROL NUMBER | |
| control field | 4987204 |
| 005 - DATE AND TIME OF LATEST TRANSACTION | |
| control field | 20180312091427.0 |
| 008 - FIXED-LENGTH DATA ELEMENTS--GENERAL INFORMATION | |
| fixed length control field | 850820s1985 nyua c 000 0 eng d |
| 010 ## - LIBRARY OF CONGRESS CONTROL NUMBER | |
| LC control number | 98150412 |
| 020 ## - INTERNATIONAL STANDARD BOOK NUMBER | |
| International Standard Book Number | 089835028X |
| 035 ## - SYSTEM CONTROL NUMBER | |
| System control number | (OCoLC)12404415 |
| 040 ## - CATALOGING SOURCE | |
| Original cataloging agency | MBAt |
| Transcribing agency | MBAt |
| Modifying agency | DLC |
| 041 ## - LANGUAGE CODE | |
| Language code of text/sound track or separate title | eng |
| 042 ## - AUTHENTICATION CODE | |
| Authentication code | lccopycat |
| 080 ## - UNIVERSAL DECIMAL CLASSIFICATION NUMBER | |
| Universal Decimal Classification number | 7 BOR |
| 082 ## - DEWEY DECIMAL CLASSIFICATION NUMBER | |
| Classification number | 7 BOR |
| 100 ## - Rafti | |
| Rafti | 44 |
| 101 ## - Shkurtesa | |
| Shkurtesa | ART |
| 245 00 - TITLE STATEMENT | |
| Title | Italian masters of the sixteenth century / |
| Statement of responsibility, etc | edited by Suzanne Boorsch and John Spike. |
| 906 ## - LOCAL DATA ELEMENT F, LDF (RLIN) | |
| a | 7 |
| b | cbc |
| c | copycat |
| d | u |
| e | ncip |
| f | 19 |
| g | y-gencatlg |
| 942 ## - ADDED ENTRY ELEMENTS (KOHA) | |
| Source of classification or shelving scheme | |
| Item type | Books |
| Withdrawn status | Lost status | Source of classification or shelving scheme | Damaged status | Not for loan | Collection code | Permanent location | Current location | Shelving location | Date acquired | Total Checkouts | Full call number | Barcode | Date last seen | Price effective from | Koha item type |
|---|---|---|---|---|---|---|---|---|---|---|---|---|---|---|---|
| Koleksioni i përgjithshem | UBT - Lipjan | UBT - Lipjan | Koleksioni i përgjithshem | 03/12/2018 | 7 BOR | 002-3001551 | 03/12/2018 | 03/12/2018 | Books | ||||||
| Koleksioni i përgjithshem | UBT - Lipjan | UBT - Lipjan | Koleksioni i përgjithshem | 03/12/2018 | 7 BOR | 002-3001556 | 03/12/2018 | 03/12/2018 | Books | ||||||
| Koleksioni i përgjithshem | UBT - Lipjan | UBT - Lipjan | Koleksioni i përgjithshem | 03/12/2018 | 7 BOR | 002-3001561 | 03/12/2018 | 03/12/2018 | Books | ||||||
| Koleksioni i përgjithshem | UBT - Lipjan | UBT - Lipjan | Koleksioni i përgjithshem | 03/12/2018 | 7 BOR | 002-3001566 | 03/12/2018 | 03/12/2018 | Books | ||||||
| Koleksioni i përgjithshem | UBT - Lipjan | UBT - Lipjan | Koleksioni i përgjithshem | 03/12/2018 | 7 BOR | 002-3001571 | 03/12/2018 | 03/12/2018 | Books | ||||||
| Koleksioni i përgjithshem | UBT - Lipjan | UBT - Lipjan | Koleksioni i përgjithshem | 03/12/2018 | 7 BOR | 002-3001576 | 03/12/2018 | 03/12/2018 | Books | ||||||
| Koleksioni i përgjithshem | UBT - Lipjan | UBT - Lipjan | Koleksioni i përgjithshem | 03/12/2018 | 7 BOR | 002-3001581 | 03/12/2018 | 03/12/2018 | Books | ||||||
| Koleksioni i përgjithshem | UBT - Lipjan | UBT - Lipjan | Koleksioni i përgjithshem | 03/12/2018 | 7 BOR | 002-3001586 | 03/12/2018 | 03/12/2018 | Books | ||||||
| Koleksioni i përgjithshem | UBT - Lipjan | UBT - Lipjan | Koleksioni i përgjithshem | 03/12/2018 | 7 BOR | 002-3001591 | 03/12/2018 | 03/12/2018 | Books | ||||||
| Koleksioni i përgjithshem | UBT - Lipjan | UBT - Lipjan | Koleksioni i përgjithshem | 03/12/2018 | 7 BOR | 002-3001596 | 03/12/2018 | 03/12/2018 | Books |